000 00650cam a22002293a 4500
001 29199
003 PGUSA
005 20140828083630.0
008 090621s2009||||xxu|||||s|||||000 | eng d
040 _aPGUSA
_beng
042 _adc
050 4 _aE201
100 1 _aFrench, Allen,
_d1870-1946
245 1 4 _aThe Siege of Boston
_h[electronic resource] /
_cAllen French
260 _bProject Gutenberg,
_c2009
506 _aPublic domain in the USA.
516 _aElectronic text
653 _aBoston (Mass.) -- History -- Siege, 1775-1776
830 0 _aProject Gutenberg
_v29199
856 4 0 _uhttp://www.gutenberg.org/ebooks/29199
942 _cEB
999 _c258454
_d258454